|
|
|
|
| LEADER |
03469nam a22004093i 4500 |
| 001 |
EBC6425457 |
| 003 |
MiAaPQ |
| 005 |
20231204023215.0 |
| 006 |
m o d | |
| 007 |
cr cnu|||||||| |
| 008 |
231204s2020 xx o ||||0 eng d |
| 020 |
|
|
|a 9783030603960
|q (electronic bk.)
|
| 020 |
|
|
|z 9783030603953
|
| 035 |
|
|
|a (MiAaPQ)EBC6425457
|
| 035 |
|
|
|a (Au-PeEL)EBL6425457
|
| 035 |
|
|
|a (OCoLC)1231606180
|
| 040 |
|
|
|a MiAaPQ
|b eng
|e rda
|e pn
|c MiAaPQ
|d MiAaPQ
|
| 050 |
|
4 |
|a GN301-674
|
| 100 |
1 |
|
|a Müller, Francis.
|
| 245 |
1 |
0 |
|a Design Ethnography :
|b Epistemology and Methodology.
|
| 250 |
|
|
|a 1st ed.
|
| 264 |
|
1 |
|a Cham :
|b Springer International Publishing AG,
|c 2020.
|
| 264 |
|
4 |
|c {copy}2021.
|
| 300 |
|
|
|a 1 online resource (98 pages)
|
| 336 |
|
|
|a text
|b txt
|2 rdacontent
|
| 337 |
|
|
|a computer
|b c
|2 rdamedia
|
| 338 |
|
|
|a online resource
|b cr
|2 rdacarrier
|
| 490 |
1 |
|
|a SpringerBriefs in Anthropology Series
|
| 505 |
0 |
|
|a Intro -- Acknowledgement -- Contents -- About the Author -- Chapter 1: Introduction: Design as a Discipline of Alternation -- References -- Chapter 2: The Blind Spot -- 2.1 The Incorporation of Everyday Knowledge -- References -- Chapter 3: The Everyday World and Intersubjectivity -- 3.1 Symbolic Interaction and the Generalized Other -- 3.2 Professional Indifference and Lack of Moral Judgment -- References -- Chapter 4: Design Research: Immersion and Intervention -- 4.1 Warm, Involving, and Risky -- 4.2 Research Through Design -- 4.3 Contingency and Serendipity -- References -- Chapter 5: Methods and Aspects of Field Research -- 5.1 The Foreign Worlds Next Door and Defamiliarization -- 5.2 Focused Ethnographies and Design Anthropology -- 5.3 Access to the Field -- 5.4 Researcherś Role in the Field -- 5.5 Observation -- 5.6 Dimensions of Observation -- 5.7 Front and Back Regions -- 5.8 Interviews and Conversations -- 5.9 Narrative Interview -- 5.10 Ethnographic Interviews -- 5.11 The Senses -- 5.12 Things and Material Culture -- 5.13 Consumption Is Not Superficial -- 5.14 The Contingency of Things -- 5.15 Field Notes -- 5.16 Sketches and Illustrations -- 5.17 Photography and Video -- 5.18 Factors that Influence Production of Visual Data -- 5.19 Participant Produced Images -- 5.20 Digital Ethnography -- 5.21 Participatory Action Research -- 5.22 Participatory Photography and Cultural Probes -- 5.23 Photo Elicitation -- 5.24 Interventions -- 5.25 Withdrawing from the Field -- 5.26 Ethics -- References -- Chapter 6: Analysis -- 6.1 Transcriptions -- 6.2 Grounded Theory -- 6.3 Ethnosemantic Analysis -- 6.4 Structured and Narrative Interviews -- 6.5 Computer-Based Analysis -- 6.6 Visual Data -- 6.7 Things and Material Culture -- References -- Chapter 7: Representation and Reporting -- References -- Chapter 8: Epilogue -- References.
|
| 588 |
|
|
|a Description based on publisher supplied metadata and other sources.
|
| 590 |
|
|
|a Electronic reproduction. Ann Arbor, Michigan : ProQuest Ebook Central, 2023. Available via World Wide Web. Access may be limited to ProQuest Ebook Central affiliated libraries.
|
| 655 |
|
4 |
|a Electronic books.
|
| 700 |
1 |
|
|a Brailovsky, Anna.
|
| 776 |
0 |
8 |
|i Print version:
|a Müller, Francis
|t Design Ethnography
|d Cham : Springer International Publishing AG,c2020
|z 9783030603953
|
| 797 |
2 |
|
|a ProQuest (Firm)
|
| 830 |
|
0 |
|a SpringerBriefs in Anthropology Series
|
| 856 |
4 |
0 |
|u https://ebookcentral.proquest.com/lib/matrademy/detail.action?docID=6425457
|z Click to View
|